| 000 | 00938nam a22002297a 4500 | ||
|---|---|---|---|
| 999 |
_c6616 _d6616 |
||
| 003 | AR-CdUCM | ||
| 008 | 190318b ||||| |||| 00| 0 spa d | ||
| 020 | _a9972-625-11-7 | ||
| 040 |
_aMUNICIPALIDAD PROVINCIAL DEL CUSCO _cBIBLIOTECA MUNICIPAL DEL CUSCO |
||
| 082 |
_a036 / _bN89 |
||
| 110 |
_aLexus editores _918613 |
||
| 245 | _aNueva enciclopedia autodidástica / | ||
| 260 |
_aBarcelona : _bLexus editores, _c1999. |
||
| 300 |
_a7 tomos ; _bilustraciones, mapas, cuadros, _c27 cm. |
||
| 505 | _aContenido: t.1: Literatura y filosofía -- t.2: Lingüística y arte -- t.3: Geografía -- t.4: Historia -- t.5: Geología, astronomía, zoología e informática -- t.6: Física, química y matemáticas -- t.7: Dibujo, música, economía y psicología. | ||
| 650 |
_aEnciclopedias _96681 |
||
| 650 |
_aGeografía, historia _918614 |
||
| 650 |
_aUniverso _918615 |
||
| 650 |
_aNaturaleza _94241 |
||
| 942 |
_2ddc _cLIBROS |
||
| 945 | _aachl | ||